000 00702nam a2200241 i 4500
001 52187
003 ES-MaACL
005 20230906162534.0
007 t|
008 030826s1973 sp |||| |bspa d
080 _a929 Danton, Georges-Jacques
100 1 _aChristophe, Robert.
_938671
245 1 0 _aDanton /
_cRobert Christophe ; [traducción, Joaquín Regat].
250 _a1ª ed.
260 _aBarcelona :
_bPicazo,
_c1973.
300 _a400 p. ;
_c22 cm.
490 1 _aColección pasado ;
_v1
600 1 4 _aDanton, Georges-Jacques.
_9162907
700 1 _aRegat, Joaquín.
_995876
830 0 _aColección pasado ;
_v1
_9230197
852 _aES-MaACL
_jC-54778
999 _c52187
_d52187